Detalles MARC
| 000 -LEADER |
| fixed length control field |
02410cam a2200505Ia 4500 |
| 001 - CONTROL NUMBER |
| control field |
DIGCAR0602 |
| 003 - CONTROL NUMBER IDENTIFIER |
| control field |
NyNyDIG |
| 006 - FIXED-LENGTH DATA ELEMENTS--ADDITIONAL MATERIAL CHARACTERISTICS |
| fixed length control field |
m o d |
| 007 - PHYSICAL DESCRIPTION FIXED FIELD--GENERAL INFORMATION |
| fixed length control field |
cr ||||||||||| |
| 008 - FIXED-LENGTH DATA ELEMENTS--GENERAL INFORMATION |
| fixed length control field |
161101t20082008sp a ob 000 0 spa d |
| 020 ## - INTERNATIONAL STANDARD BOOK NUMBER |
| International Standard Book Number |
9788492619023 |
| Qualifying information |
(eBook ; |
| -- |
ePub) |
| 020 ## - INTERNATIONAL STANDARD BOOK NUMBER |
| Canceled/invalid ISBN |
8492619007 |
| 020 ## - INTERNATIONAL STANDARD BOOK NUMBER |
| Canceled/invalid ISBN |
9788492619009 |
| 035 ## - SYSTEM CONTROL NUMBER |
| System control number |
(OCoLC)843455758 |
| 040 ## - CATALOGING SOURCE |
| Original cataloging agency |
DGITA |
| Language of cataloging |
eng |
| Description conventions |
rda |
| -- |
pn |
| Transcribing agency |
DGITA |
| 050 14 - LIBRARY OF CONGRESS CALL NUMBER |
| Classification number |
PQ6323 eBook |
| 100 1# - MAIN ENTRY--PERSONAL NAME |
| Personal name |
Fernández de Avellaneda, Alonso, |
| Relator term |
author. |
| 240 10 - UNIFORM TITLE |
| Uniform title |
Segundo tomo del ingenioso hidalgo Don Quixote de la Mancha |
| 245 13 - TITLE STATEMENT |
| Title |
El Quijote apócrifo : |
| Remainder of title |
dQA / |
| Statement of responsibility, etc. |
Alonso Fernández de Avellaneda. Cervantes vs. Figueroa : "la puntual merecida correspondencia" / Enrique Suárez Figaredo. |
| 246 3# - VARYING FORM OF TITLE |
| Title proper/short title |
Cervantes vs. Figueroa : |
| Remainder of title |
"la puntual merecida correspondencia" |
| 246 30 - VARYING FORM OF TITLE |
| Title proper/short title |
dQA |
| 264 #1 - PRODUCTION, PUBLICATION, DISTRIBUTION, MANUFACTURE, AND COPYRIGHT NOTICE |
| Place of production, publication, distribution, manufacture |
Barcelona : |
| Name of producer, publisher, distributor, manufacturer |
Ediciones Carena, |
| Date of production, publication, distribution, manufacture, or copyright notice |
2008. |
| 264 #4 - PRODUCTION, PUBLICATION, DISTRIBUTION, MANUFACTURE, AND COPYRIGHT NOTICE |
| Date of production, publication, distribution, manufacture, or copyright notice |
©2008 |
| 300 ## - PHYSICAL DESCRIPTION |
| Extent |
1 online resource (523, 188 pages) : |
| Other physical details |
illustrations. |
| 336 ## - CONTENT TYPE |
| Content type term |
text |
| Content type code |
txt |
| Source |
rdacontent |
| 337 ## - MEDIA TYPE |
| Media type term |
computer |
| Media type code |
c |
| Source |
rdamedia |
| 338 ## - CARRIER TYPE |
| Carrier type term |
online resource |
| Carrier type code |
cr |
| Source |
rdacarrier |
| 490 1# - SERIES STATEMENT |
| Series statement |
Clásicos Carena |
| 500 ## - GENERAL NOTE |
| General note |
"Los artículos que constituyen el Anexo Cervantes vs. Figueroa: 'la puntual merecida correspondencia' aparecieron en la Revista Electrónica Lemir, nums. 10, 11 y 12, correspondientes al periodo 2006-2008. Aquí han sido actualizados". |
| 504 ## - BIBLIOGRAPHY, ETC. NOTE |
| Bibliography, etc. note |
Includes bibliographical references. |
| 588 0# - SOURCE OF DESCRIPTION NOTE |
| Source of description note |
Online resource; title from PDF title page (Digitalia, viewed October 30, 2016) |
| 655 #0 - INDEX TERM--GENRE/FORM |
| Genre/form data or focus term |
Electronic books. |
| 600 10 - SUBJECT ADDED ENTRY--PERSONAL NAME |
| Personal name |
Fernández de Avellaneda, Alonso. |
| Title of a work |
Segundo tomo del ingenioso hidalgo Don Quixote de la Mancha. |
| 600 10 - SUBJECT ADDED ENTRY--PERSONAL NAME |
| Personal name |
Cervantes Saavedra, Miguel de, |
| Dates associated with a name |
1547-1616 |
| General subdivision |
Authorship. |
| 600 10 - SUBJECT ADDED ENTRY--PERSONAL NAME |
| Personal name |
Suárez de Figueroa, Christóval |
| General subdivision |
Authorship. |
| 700 1# - ADDED ENTRY--PERSONAL NAME |
| Personal name |
Cervantes Saavedra, Miguel de, |
| Dates associated with a name |
1547-1616. |
| Title of a work |
Don Quixote. |
| 700 1# - ADDED ENTRY--PERSONAL NAME |
| Personal name |
Suárez Figaredo, Enrique. |
| Title of a work |
Cervantes vs. Figueroa. |
| 776 08 - ADDITIONAL PHYSICAL FORM ENTRY |
| Relationship information |
Print version: |
| Main entry heading |
Fernández de Avellaneda, Alonso. |
| Title |
Quijote apócrifo : dQA. |
| Place, publisher, and date of publication |
Barcelona : Ediciones Carena, 2008. |
| International Standard Book Number |
9788492619009 |
| Record control number |
(OCoLC)401144428 |
| 791 2# - |
| -- |
Digitalia (Firm), |
| -- |
distributor. |
| 793 0# - |
| -- |
Digitalia eBook Collection: |
| -- |
Ediciones Carena. |
| 830 #0 - SERIES ADDED ENTRY--UNIFORM TITLE |
| Uniform title |
Clásicos Carena |
| 856 40 - ELECTRONIC LOCATION AND ACCESS |
| Materials specified |
Digitalia Hispánica |
| Uniform Resource Identifier |
<a href="https://www.digitaliapublishing.com/a/5595/">https://www.digitaliapublishing.com/a/5595/</a> |
| 910 ## - USER-OPTION DATA (OCLC) |
| User-option data |
Premium Collection: 2007-2012 |
| 942 ## - ADDED ENTRY ELEMENTS (KOHA) |
| Koha item type |
Recurso Electrónico |